000 00996nam a2200253Ia 4500
003 OSt
005 20220923211236.0
006 a|||||r|||| 00| 0
007 ta
008 220922b |||||||| |||| 00| 0 hin d
020 _a9788172112417 (hbk)
_c450
024 _a240,648
037 _b378, 24/12/2009, Eastern Book Linkers
_cTextual
040 _aARTS
_cARTS
_bhin
041 _2hin
_ahin
082 _aY5927-73(Q7), 152P8
100 _aबेग, शबनम
245 0 _aमुस्लिम समाज में छुआछूत
_b हेला बिरादरी के संदर्भ में
246 _aMuslim samāj mean chhuāchhūta: helā birādarī ke sandarbha mean
260 _aनई दिल्ली
_b नार्दर्न बुक सेंटर
_c2008
300 _a104पृ.
_ccm.
942 _hY5927-73(Q7), 152P8
_cTEXL
_2CC
999 _c297523
_d297523